000 00378nam a2200133Ia 4500
008 220217s9999||||xx |||||||||||||| ||und||
020 _a978-0-07-066726-6
082 _a05.73 PAI
100 _aPai, Vijalakshmi, G. A
245 0 _aData structures and algorithams
260 _aTata mcgraw hill company Ltd
_bNew Delhi
_c2008
300 _b250
650 _aDATA STRUCTURES
999 _c177178
_d177178